[Event "43. Olimpiada Batumi 2018 Femenina"]
[Site "Batumi GEO"]
[Date "2018.09.26"]
[Round "3.2"]
[White "Medic, Mirjana"]
[Black "Vanduyfhuys, Daria"]
[Result "1-0"]
[WhiteElo "2167"]
[BlackElo "2058"]
[PlyCount "85"]
[EventDate "2018.09.24"]
[EventType "team-swiss"]
[EventRounds "11"]
[EventCountry "GEO"]
[SourceTitle "Ajedrez en Madrid"]
[Source "lmi"]
[SourceDate "2018.09.24"]
[WhiteTeam "Croatia"]
[BlackTeam "Belgium"]
[WhiteTeamCountry "CRO"]
[BlackTeamCountry "BEL"]

1. d4 Nf6 2. c4 e6 3. Nc3 Bb4 4. e3 O-O 5. Bd3 d5 6. Nf3 dxc4 7. Bxc4 c5 8. O-O
Nc6 9. a3 Bxc3 10. bxc3 Qc7 11. Ba2 e5 12. h3 b6 13. Qe2 Be6 14. Bxe6 fxe6 15.
dxc5 bxc5 16. Qc4 Qe7 17. e4 Na5 18. Qa4 Qc7 19. Bg5 c4 20. Rfe1 h6 21. Bh4 Nd7
22. Be7 Rf7 23. Bd6 Qxd6 24. Qxa5 Rb8 25. Rad1 Qb6 26. Qa4 Qb5 27. Qxb5 Rxb5
28. Rd6 Rb3 29. Red1 Nc5 30. Nxe5 Rc7 31. Rd8+ Kh7 32. Re8 Rxc3 33. Rdd8 g5 34.
Rh8+ Kg7 35. Rhg8+ Kf6 36. Ng4+ Ke7 37. Rge8+ Kf7 38. Nxh6+ Kg6 39. Ng4 Rxa3
40. Rg8+ Kf7 41. e5 c3 42. Nh6+ Ke7 43. Rge8# 1-0

[Event "43. Olimpiada Batumi 2018 Femenina"]
[Site "Batumi GEO"]
[Date "2018.09.26"]
[Round "3.3"]
[White "Barbier, Wiebke"]
[Black "Cvitan, Ena"]
[Result "0-1"]
[WhiteElo "1998"]
[BlackElo "2009"]
[PlyCount "88"]
[EventDate "2018.09.24"]
[EventType "team-swiss"]
[EventRounds "11"]
[EventCountry "GEO"]
[SourceTitle "Ajedrez en Madrid"]
[Source "lmi"]
[SourceDate "2018.09.24"]
[WhiteTeam "Belgium"]
[BlackTeam "Croatia"]
[WhiteTeamCountry "BEL"]
[BlackTeamCountry "CRO"]

1. e4 c5 2. Be2 Nc6 3. d3 g6 4. f4 Bg7 5. c3 d6 6. h3 e6 7. Nf3 Nge7 8. O-O O-O
9. Na3 f5 10. Qe1 b6 11. Nc2 Qd7 12. Be3 Ba6 13. Rd1 Rac8 14. g4 e5 15. exf5
gxf5 16. Nh4 Rce8 17. gxf5 exf4 18. Rxf4 Nd5 19. Rf3 Kh8 20. d4 Bxe2 21. Qxe2
cxd4 22. Nxd4 Nxd4 23. cxd4 Bh6 24. Ng2 Rg8 25. Rd3 Nxe3 26. Rdxe3 Rxe3 27.
Rxe3 Bxe3+ 28. Qxe3 Qxf5 29. Kh2 Qd5 30. Qf2 Qg5 31. b3 Qg7 32. a4 Rf8 33. Qe3
Qf7 34. Qg3 Qf6 35. Qe3 Qf3 36. b4 Qxe3 37. Nxe3 Rf4 38. a5 bxa5 39. bxa5 Rxd4
40. Nf5 Rd5 41. Ne7 Rxa5 42. Kg3 Rc5 43. Kf4 a5 44. Nf5 Rxf5+ 0-1

[Event "43. Olimpiada Batumi 2018 Femenina"]
[Site "Batumi GEO"]
[Date "2018.09.26"]
[Round "3.4"]
[White "Ivekovic, Ana"]
[Black "Barbier, Astrid"]
[Result "1/2-1/2"]
[WhiteElo "2118"]
[BlackElo "1894"]
[PlyCount "51"]
[EventDate "2018.09.24"]
[EventType "team-swiss"]
[EventRounds "11"]
[EventCountry "GEO"]
[SourceTitle "Ajedrez en Madrid"]
[Source "lmi"]
[SourceDate "2018.09.24"]
[WhiteTeam "Croatia"]
[BlackTeam "Belgium"]
[WhiteTeamCountry "CRO"]
[BlackTeamCountry "BEL"]

1. d4 f5 2. g3 Nf6 3. Bg2 g6 4. Nf3 Bg7 5. O-O O-O 6. b3 Qe8 7. Bb2 d6 8. c4
Na6 9. Qc2 h6 10. Nbd2 c5 11. d5 b5 12. a3 Nc7 13. Rae1 Qf7 14. Ba1 Rb8 15. e4
fxe4 16. Nxe4 Nxe4 17. Bxg7 Qxg7 18. Qxe4 e6 19. dxe6 Bxe6 20. Qd3 bxc4 21.
bxc4 Rb6 22. Nd2 Bf5 23. Be4 Bh3 24. Bg2 Bf5 25. Be4 Bh3 26. Bg2 1/2-1/2

[Event "43. Olimpiada Batumi 2018 Femenina"]
[Site "Batumi GEO"]
[Date "2018.09.26"]
[Round "3.1"]
[White "Gomez Barrera, Javiera Belen"]
[Black "Mona, Khaled"]
[Result "0-1"]
[WhiteElo "2035"]
[BlackElo "2157"]
[PlyCount "146"]
[EventDate "2018.09.24"]
[EventType "team-swiss"]
[EventRounds "11"]
[EventCountry "GEO"]
[SourceTitle "Ajedrez en Madrid"]
[Source "lmi"]
[SourceDate "2018.09.24"]
[WhiteTeam "Chile"]
[BlackTeam "Egypt"]
[WhiteTeamCountry "CHI"]
[BlackTeamCountry "EGY"]

1. e4 e5 2. Nf3 Nc6 3. Bb5 a6 4. Ba4 Nf6 5. Qe2 b5 6. Bb3 Bc5 7. c3 O-O 8. O-O
d5 9. d3 d4 10. Bg5 h6 11. Bxf6 Qxf6 12. Bd5 dxc3 13. bxc3 Bd7 14. Nbd2 Rad8
15. Bxc6 Bxc6 16. Rfd1 Rfe8 17. Nb3 Bb6 18. c4 bxc4 19. dxc4 Qf4 20. c5 Bb5 21.
Qc2 Ba7 22. Na5 Rxd1+ 23. Rxd1 Re6 24. a4 Rg6 25. Rd8+ Kh7 26. Ne1 Qg5 27. Rd5
Be8 28. g3 Qe7 29. Nd3 Re6 30. Qc4 c6 31. Rd6 Rxd6 32. cxd6 Qxd6 33. Qxa6 Qd4
34. Qc4 c5 35. Qxd4 exd4 36. Nb2 Kg6 37. Nac4 Kf6 38. Kg2 Bc6 39. f3 Ke6 40.
Kf2 f5 41. Nd2 g5 42. h3 h5 43. g4 fxg4 44. fxg4 h4 45. Kf3 Bb7 46. Nbc4 Ba6
47. Ke2 Bb8 48. Kd3 Bd6 49. Nf3 Bf4 50. Ne1 Bb7 51. Na5 Bc8 52. Nf3 Kf6 53. Nc4
Bd7 54. Nb6 Bc6 55. Nd5+ Ke6 56. Kc4 Bxa4 57. Nxf4+ gxf4 58. Kxc5 d3 59. Kc4
Bd1 60. Nxh4 Be2 61. Kc3 Ke5 62. g5 Kxe4 63. g6 Bh5 64. g7 Bf7 65. Kd2 Bg8 66.
Ke1 f3 67. Nxf3 Kxf3 68. Kd2 Ke4 69. h4 Bh7 70. h5 Bg8 71. h6 Bh7 72. Ke1 Kd4
73. Kd2 Kc4 0-1

[Event "43. Olimpiada Batumi 2018 Femenina"]
[Site "Batumi GEO"]
[Date "2018.09.26"]
[Round "3.2"]
[White "Wafa, Shrook"]
[Black "Abarca Gonzalez, Damaris"]
[Result "0-1"]
[WhiteElo "2136"]
[BlackElo "2037"]
[PlyCount "86"]
[EventDate "2018.09.24"]
[EventType "team-swiss"]
[EventRounds "11"]
[EventCountry "GEO"]
[SourceTitle "Ajedrez en Madrid"]
[Source "lmi"]
[SourceDate "2018.09.24"]
[WhiteTeam "Egypt"]
[BlackTeam "Chile"]
[WhiteTeamCountry "EGY"]
[BlackTeamCountry "CHI"]

1. e4 c5 2. Nf3 a6 3. d4 cxd4 4. Nxd4 Nf6 5. Bd3 e5 6. Ne2 d5 7. exd5 Qxd5 8.
O-O Nc6 9. Nbc3 Qd8 10. Ng3 Be7 11. Bg5 O-O 12. Qe2 Be6 13. Rad1 Qc7 14. Rfe1
Rad8 15. h4 Rd4 16. Nce4 Nxe4 17. Bxe4 Rfd8 18. Rc1 h6 19. Be3 R4d7 20. Qh5 Bf8
21. c4 Nb4 22. a3 Nd3 23. Bxd3 Rxd3 24. c5 R8d5 25. Ne4 Qd7 26. Qe2 Qd8 27. Nc3
Rd7 28. g3 Bb3 29. Qg4 Be6 30. Qh5 f6 31. b4 Bf7 32. Qe2 Qe8 33. a4 Bh5 34. g4
Qg6 35. f3 f5 36. Bg5 fxg4 37. fxg4 Rg3+ 38. Kh2 Rxg4 39. Qa2+ Kh7 40. Rf1 Qe8
41. Qc2+ e4 42. Bf4 Rxh4+ 43. Kg1 Qg6+ 0-1

[Event "43. Olimpiada Batumi 2018 Femenina"]
[Site "Batumi GEO"]
[Date "2018.09.26"]
[Round "3.3"]
[White "Jorquera Cabello, Valentina"]
[Black "Moaataz, Ayah"]
[Result "0-1"]
[WhiteElo "2031"]
[BlackElo "2020"]
[PlyCount "84"]
[EventDate "2018.09.24"]
[EventType "team-swiss"]
[EventRounds "11"]
[EventCountry "GEO"]
[SourceTitle "Ajedrez en Madrid"]
[Source "lmi"]
[SourceDate "2018.09.24"]
[WhiteTeam "Chile"]
[BlackTeam "Egypt"]
[WhiteTeamCountry "CHI"]
[BlackTeamCountry "EGY"]

1. e4 c6 2. d3 d5 3. Nd2 e5 4. g3 Nf6 5. Bg2 Bd6 6. Ngf3 O-O 7. O-O Re8 8. Re1
a5 9. c3 dxe4 10. dxe4 b5 11. Qc2 Bb7 12. Nf1 Qc7 13. Bg5 Nbd7 14. Rad1 c5 15.
Nh4 c4 16. Nf5 Bf8 17. N1e3 h6 18. Bxf6 Nxf6 19. Nd5 Qc6 20. Qe2 g6 21. Nfe3
Nd7 22. Qf3 Bg7 23. h4 Nc5 24. Ng4 Ra6 25. Bf1 h5 26. Nge3 Bc8 27. Rd2 Bh6 28.
Red1 Bg4 29. Nxg4 hxg4 30. Qxg4 Bxd2 31. Rxd2 Ra7 32. Qg5 Nxe4 33. Qe3 Nxd2 34.
Qxd2 Kg7 35. Ne3 Rd7 36. Qe2 Red8 37. Qg4 Qf6 38. Qe4 Rd2 39. Ng4 Qf5 40. Qxf5
gxf5 41. Nxe5 Rxb2 42. f3 Rd1 0-1

[Event "43. Olimpiada Batumi 2018 Femenina"]
[Site "Batumi GEO"]
[Date "2018.09.26"]
[Round "3.4"]
[White "Sherif, Amina"]
[Black "Morales Flores, Monserrat"]
[Result "1/2-1/2"]
[WhiteElo "1946"]
[BlackElo "1935"]
[PlyCount "60"]
[EventDate "2018.09.24"]
[EventType "team-swiss"]
[EventRounds "11"]
[EventCountry "GEO"]
[SourceTitle "Ajedrez en Madrid"]
[Source "lmi"]
[SourceDate "2018.09.24"]
[WhiteTeam "Egypt"]
[BlackTeam "Chile"]
[WhiteTeamCountry "EGY"]
[BlackTeamCountry "CHI"]

1. e4 c5 2. Nf3 e6 3. d3 d6 4. g3 g6 5. Bg2 Bg7 6. O-O Ne7 7. c3 Nbc6 8. d4
cxd4 9. cxd4 O-O 10. Nc3 a6 11. d5 Na7 12. Qb3 exd5 13. exd5 Nb5 14. Nxb5 axb5
15. Bd2 Bd7 16. Rac1 Nf5 17. Bc3 Rc8 18. Rfe1 Bxc3 19. Rxc3 Qf6 20. Rec1 Nd4
21. Nxd4 Qxd4 22. Rxc8 Rxc8 23. Rxc8+ Bxc8 24. Qxb5 Qd1+ 25. Bf1 Bh3 26. Qe2
Qc1 27. b3 Qb1 28. f4 Bxf1 29. Qxf1 Qxa2 30. Qc4 Qa1+ 1/2-1/2

[Event "43. Olimpiada Batumi 2018 Femenina"]
[Site "Batumi GEO"]
[Date "2018.09.26"]
[Round "3.1"]
[White "Mucha, Annegret"]
[Black "Hallaeva, Bahar"]
[Result "1/2-1/2"]
[WhiteElo "2044"]
[BlackElo "2098"]
[PlyCount "88"]
[EventDate "2018.09.24"]
[EventType "team-swiss"]
[EventRounds "11"]
[EventCountry "GEO"]
[SourceTitle "Ajedrez en Madrid"]
[Source "lmi"]
[SourceDate "2018.09.24"]
[WhiteTeam "ICCD"]
[BlackTeam "Turkmenistan"]
[BlackTeamCountry "TKM"]

1. Nc3 e5 2. Nf3 Nc6 3. d4 exd4 4. Nxd4 Nf6 5. Bg5 Bc5 6. e3 Nxd4 7. exd4 Be7
8. Bd3 d5 9. O-O O-O 10. Re1 c6 11. Qf3 Be6 12. Ne2 Bg4 13. Qg3 Qd7 14. f3 Bf5
15. Nf4 Bxd3 16. Nxd3 Kh8 17. Ne5 Qd8 18. Qh3 Ng8 19. Bxe7 Nxe7 20. c3 Kg8 21.
Re2 Re8 22. Rae1 Ng6 23. Nxg6 Rxe2 24. Rxe2 hxg6 25. Qg3 Qd7 26. Qe5 Kf8 27.
Kf2 f6 28. Qf4 Kf7 29. h3 g5 30. Qg4 Qxg4 31. fxg4 Re8 32. Rxe8 Kxe8 33. Kf3
Kf7 34. g3 Ke6 35. h4 Kf7 36. Ke3 Ke6 37. Kf3 Kf7 38. Ke3 gxh4 39. gxh4 g5 40.
h5 Kg7 41. Kf3 Kh6 42. Kg3 Kg7 43. Kf3 Kh6 44. Kg3 Kg7 1/2-1/2

[Event "43. Olimpiada Batumi 2018 Femenina"]
[Site "Batumi GEO"]
[Date "2018.09.26"]
[Round "3.2"]
[White "Ovezdurdiyeva, Jemal"]
[Black "Gerasimova, Olga"]
[Result "1-0"]
[WhiteElo "2075"]
[BlackElo "2010"]
[PlyCount "61"]
[EventDate "2018.09.24"]
[EventType "team-swiss"]
[EventRounds "11"]
[EventCountry "GEO"]
[SourceTitle "Ajedrez en Madrid"]
[Source "lmi"]
[SourceDate "2018.09.24"]
[WhiteTeam "Turkmenistan"]
[BlackTeam "ICCD"]
[WhiteTeamCountry "TKM"]

1. d4 Nf6 2. c4 g6 3. Nf3 d5 4. cxd5 Nxd5 5. e4 Nb6 6. Nc3 Bg7 7. h3 O-O 8. Be3
c6 9. Qd2 N8d7 10. Bh6 Re8 11. Bxg7 Kxg7 12. Be2 e5 13. Rd1 exd4 14. Qxd4+ Qf6
15. Qb4 Qe7 16. Qd4+ Qf6 17. Qe3 h6 18. O-O Qe7 19. Rfe1 Kh7 20. a4 Nf6 21. a5
Nbd7 22. Bc4 Kg7 23. e5 Ng8 24. Ne4 Nxe5 25. Nxe5 Qxe5 26. Nd6 Qxe3 27. Nxe8+
Qxe8 28. Rxe8 Bg4 29. Rxa8 Bxd1 30. Rxa7 Ba4 31. Rxb7 1-0

[Event "43. Olimpiada Batumi 2018 Femenina"]
[Site "Batumi GEO"]
[Date "2018.09.26"]
[Round "3.3"]
[White "Lagutina, Olga"]
[Black "Shohradowa, Lala"]
[Result "0-1"]
[WhiteElo "1948"]
[BlackElo "1950"]
[PlyCount "60"]
[EventDate "2018.09.24"]
[EventType "team-swiss"]
[EventRounds "11"]
[EventCountry "GEO"]
[SourceTitle "Ajedrez en Madrid"]
[Source "lmi"]
[SourceDate "2018.09.24"]
[WhiteTeam "ICCD"]
[BlackTeam "Turkmenistan"]
[BlackTeamCountry "TKM"]

1. d4 Nf6 2. Nf3 g6 3. Bf4 Bg7 4. Nbd2 O-O 5. e4 d6 6. Bc4 c6 7. O-O Nbd7 8. c3
b5 9. Bb3 a5 10. h3 a4 11. Bc2 c5 12. e5 Nd5 13. Bg3 a3 14. Qc1 dxe5 15. dxe5
Bh6 16. Be4 N7b6 17. bxa3 Nc4 18. Qc2 Nxd2 19. Nxd2 Rxa3 20. Nb3 c4 21. Qb2
cxb3 22. Qxa3 Nxc3 23. Bf3 Qd3 24. axb3 Bxh3 25. Qxe7 Be6 26. Qb4 Bd2 27. Qh4
Bxb3 28. Bf4 Bxf4 29. Qxf4 Bd5 30. Bxd5 Ne2+ 0-1

[Event "43. Olimpiada Batumi 2018 Femenina"]
[Site "Batumi GEO"]
[Date "2018.09.26"]
[Round "3.4"]
[White "Yalkanova, Merjen"]
[Black "Myronenko, Natalya"]
[Result "1-0"]
[WhiteElo "1909"]
[BlackElo "1919"]
[PlyCount "63"]
[EventDate "2018.09.24"]
[EventType "team-swiss"]
[EventRounds "11"]
[EventCountry "GEO"]
[SourceTitle "Ajedrez en Madrid"]
[Source "lmi"]
[SourceDate "2018.09.24"]
[WhiteTeam "Turkmenistan"]
[BlackTeam "ICCD"]
[WhiteTeamCountry "TKM"]

1. d4 d5 2. Nf3 Nf6 3. e3 e6 4. Bd3 c5 5. b3 Nc6 6. a3 Bd6 7. Bb2 h6 8. Nbd2
O-O 9. O-O cxd4 10. exd4 Qc7 11. Re1 Ng4 12. h3 Bh2+ 13. Nxh2 Qxh2+ 14. Kf1 e5
15. Qf3 e4 16. Nxe4 dxe4 17. Bxe4 Nf6 18. d5 Nxe4 19. Rxe4 Bd7 20. Re3 Rfe8 21.
dxc6 Bxc6 22. Qg4 Qh1+ 23. Ke2 Qxg2 24. Qxg2 Bxg2 25. Rg1 Bxh3 26. Rxg7+ Kf8
27. Rh7 Bg4+ 28. f3 Rxe3+ 29. Kxe3 Re8+ 30. Kf4 Re6 31. fxg4 Kg8 32. Rh8# 1-0

[Event "43. Olimpiada Batumi 2018 Femenina"]
[Site "Batumi GEO"]
[Date "2018.09.26"]
[Round "3.1"]
[White "Bejatovic, Bojana"]
[Black "Cordero, Daniela"]
[Result "0-1"]
[WhiteElo "2057"]
[BlackElo "2082"]
[PlyCount "106"]
[EventDate "2018.09.24"]
[EventType "team-swiss"]
[EventRounds "11"]
[EventCountry "GEO"]
[SourceTitle "Ajedrez en Madrid"]
[Source "lmi"]
[SourceDate "2018.09.24"]
[WhiteTeam "FYR Macedonia"]
[BlackTeam "Bolivia"]
[BlackTeamCountry "BOL"]

1. d4 e6 2. e4 d5 3. exd5 exd5 4. Nf3 Bg4 5. h3 Bh5 6. Qe2+ Qe7 7. Be3 c6 8.
Nbd2 Nd7 9. O-O-O O-O-O 10. g4 Bg6 11. h4 h5 12. g5 Bf5 13. Nb3 Qe4 14. Bh3 Bd6
15. Ne5 Bxe5 16. dxe5 Bxh3 17. Rxh3 Qxe5 18. Qf3 f6 19. Bd4 Qe6 20. Qc3 Ne7 21.
Bxa7 Nf5 22. Nd4 Nxd4 23. Bxd4 Rde8 24. Qa3 Qg4 25. Rb3 Qf4+ 26. Be3 Qc7 27.
Qa8+ Qb8 28. Qa4 Re4 29. Qa3 Rhe8 30. Rc3 Qe5 31. Qa8+ Nb8 32. Qa5 Rd8 33. gxf6
gxf6 34. Bb6 Rd7 35. Rg3 Re7 36. Rg8+ Re8 37. Rg7 Na6 38. Qa3 Rxh4 39. Be3 d4
40. Bh6 Re4 41. Qh3+ Kb8 42. Qg3 h4 43. Qb3 Nc5 44. Qf3 Rh8 45. Rg6 Rxh6 46.
Rg8+ Ka7 47. Qa3+ Na6 48. Qf8 Rh7 49. Qa8+ Kb6 50. Qd8+ Nc7 51. b4 Re1 52. Rg4
Rxd1+ 53. Kxd1 h3 0-1

[Event "43. Olimpiada Batumi 2018 Femenina"]
[Site "Batumi GEO"]
[Date "2018.09.26"]
[Round "3.2"]
[White "Ramirez, Maria Eugenia"]
[Black "Stojkovska, Monika"]
[Result "1-0"]
[WhiteElo "2052"]
[BlackElo "2106"]
[PlyCount "83"]
[EventDate "2018.09.24"]
[EventType "team-swiss"]
[EventRounds "11"]
[EventCountry "GEO"]
[SourceTitle "Ajedrez en Madrid"]
[Source "lmi"]
[SourceDate "2018.09.24"]
[WhiteTeam "Bolivia"]
[BlackTeam "FYR Macedonia"]
[WhiteTeamCountry "BOL"]

1. e4 c5 2. c3 Nf6 3. e5 Nd5 4. g3 d6 5. exd6 Qxd6 6. Bg2 Nc6 7. Na3 Bf5 8. Nb5
Qe6+ 9. Qe2 Qxe2+ 10. Nxe2 O-O-O 11. b3 Bd3 12. Na3 e5 13. Bb2 e4 14. Nc1 Nf6
15. Nxd3 Rxd3 16. O-O-O Ne5 17. c4 Nf3 18. Bh3+ Kb8 19. Nc2 Ng5 20. Bg2 Be7 21.
h4 Nf3 22. Ne1 Nxe1 23. Rhxe1 Rhd8 24. Bxe4 Nxe4 25. Rxe4 Bf6 26. Bxf6 gxf6 27.
Re3 Kc7 28. Kc2 R3d6 29. Re7+ R8d7 30. Rxd7+ Kxd7 31. Re1 Ra6 32. Kb2 Rd6 33.
Kc3 Ra6 34. a4 Rd6 35. Re4 b6 36. d4 f5 37. dxc5 bxc5 38. Re5 f4 39. Rxc5 fxg3
40. fxg3 Rf6 41. Rd5+ Kc6 42. b4 1-0

[Event "43. Olimpiada Batumi 2018 Femenina"]
[Site "Batumi GEO"]
[Date "2018.09.26"]
[Round "3.3"]
[White "Koskoska, Gabriela"]
[Black "Monroy G., Nataly A"]
[Result "1/2-1/2"]
[WhiteElo "2026"]
[BlackElo "1961"]
[PlyCount "61"]
[EventDate "2018.09.24"]
[EventType "team-swiss"]
[EventRounds "11"]
[EventCountry "GEO"]
[SourceTitle "Ajedrez en Madrid"]
[Source "lmi"]
[SourceDate "2018.09.24"]
[WhiteTeam "FYR Macedonia"]
[BlackTeam "Bolivia"]
[BlackTeamCountry "BOL"]

1. e4 c5 2. f4 e6 3. Nf3 Nc6 4. Be2 Nge7 5. d3 d5 6. O-O g6 7. c3 Bg7 8. Be3 b6
9. e5 Nf5 10. Bf2 h5 11. d4 c4 12. b3 cxb3 13. axb3 Bb7 14. c4 Nb4 15. Na3 O-O
16. Qd2 a5 17. Rfc1 Qd7 18. c5 bxc5 19. Rxc5 Rfc8 20. Rac1 Bf8 21. Rxc8 Rxc8
22. Nh4 Nxh4 23. Bxh4 Rxc1+ 24. Qxc1 Qc6 25. Qxc6 Bxc6 26. Kf2 Na2 27. Nb1 Nc1
28. Bd1 Bb4 29. Ke3 Bb5 30. Bd8 Bf1 31. g3 1/2-1/2

[Event "43. Olimpiada Batumi 2018 Femenina"]
[Site "Batumi GEO"]
[Date "2018.09.26"]
[Round "3.4"]
[White "Mendoza, Samantha"]
[Black "Nikolovska, Dragana"]
[Result "1/2-1/2"]
[WhiteElo "1763"]
[BlackElo "1856"]
[PlyCount "86"]
[EventDate "2018.09.24"]
[EventType "team-swiss"]
[EventRounds "11"]
[EventCountry "GEO"]
[SourceTitle "Ajedrez en Madrid"]
[Source "lmi"]
[SourceDate "2018.09.24"]
[WhiteTeam "Bolivia"]
[BlackTeam "FYR Macedonia"]
[WhiteTeamCountry "BOL"]

1. e4 c5 2. Nc3 Nc6 3. Bb5 Nd4 4. Bd3 d6 5. Nge2 g6 6. Nxd4 cxd4 7. Ne2 Bg7 8.
Bb5+ Bd7 9. Bxd7+ Qxd7 10. O-O e6 11. f4 Ne7 12. d3 O-O 13. Bd2 Qb5 14. b3 Rac8
15. Rc1 Qb6 16. Kh1 Rc7 17. c4 dxc3 18. Bxc3 Rfc8 19. Bxg7 Rxc1 20. Nxc1 Kxg7
21. Ne2 Qc5 22. Qa1+ Kg8 23. Rc1 Qe3 24. Rxc8+ Nxc8 25. Qd1 Ne7 26. g3 Nc6 27.
Kg2 a6 28. a3 a5 29. Qc2 h6 30. h4 h5 31. Kf1 Nd4 32. Nxd4 Qxd4 33. Kg2 Kg7 34.
Kf3 d5 35. Kg2 dxe4 36. dxe4 Qe3 37. Qb2+ Kh7 38. Qc2 b5 39. a4 b4 40. f5 exf5
41. exf5 Qc3 42. fxg6+ fxg6 43. Qd1 Qb2+ 1/2-1/2

[Event "43. Olimpiada Batumi 2018 Femenina"]
[Site "Batumi GEO"]
[Date "2018.09.26"]
[Round "3.1"]
[White "Shamima, Akter"]
[Black "Coimbra, Margarida"]
[Result "1-0"]
[WhiteElo "2152"]
[BlackElo "2068"]
[PlyCount "131"]
[EventDate "2018.09.24"]
[EventType "team-swiss"]
[EventRounds "11"]
[EventCountry "GEO"]
[SourceTitle "Ajedrez en Madrid"]
[Source "lmi"]
[SourceDate "2018.09.24"]
[WhiteTeam "Bangladesh"]
[BlackTeam "Portugal"]
[WhiteTeamCountry "BAN"]
[BlackTeamCountry "POR"]

1. d4 d5 2. c4 c6 3. Nc3 Nf6 4. cxd5 cxd5 5. Bf4 Nc6 6. e3 a6 7. Bd3 Bg4 8.
Nge2 Bxe2 9. Bxe2 e6 10. Qb3 Na5 11. Qa4+ Nc6 12. Rc1 Bd6 13. Bxd6 Qxd6 14. a3
O-O 15. O-O Rfc8 16. b4 b5 17. Qb3 Nd7 18. Rfd1 Nb6 19. e4 Ne7 20. exd5 Nbxd5
21. Nxd5 Nxd5 22. Rc5 Rab8 23. Bf3 Nb6 24. Qc2 Rd8 25. Qe4 Nd5 26. Qh4 Qe7 27.
Qg3 Rbc8 28. h3 h6 29. Qe5 Nf6 30. Qe3 Nd7 31. Rxc8 Rxc8 32. d5 Nf8 33. Bg4 Rd8
34. Bf3 Qc7 35. Rc1 Qd7 36. Qb6 exd5 37. Qxa6 Ne6 38. Qb6 Ra8 39. Rd1 Nc7 40.
Qb7 Rd8 41. Be2 d4 42. Rc1 d3 43. Bxd3 Qxd3 44. Qxc7 Re8 45. Rc3 Qd2 46. Qc5
Re1+ 47. Kh2 Qf4+ 48. Rg3 Rf1 49. Qxb5 Qxf2 50. Qe8+ Kh7 51. Rf3 Qg1+ 52. Kg3
Rxf3+ 53. Kxf3 Qf1+ 54. Kg3 Qd3+ 55. Kf2 Qxa3 56. Qe4+ g6 57. Qc4 Qb2+ 58. Kg1
Qa1+ 59. Kf2 Qb2+ 60. Kg3 Qe5+ 61. Qf4 Qc3+ 62. Kh2 Kg7 63. b5 Qb2 64. Qb8 Kf6
65. b6 Ke6 66. b7 1-0

[Event "43. Olimpiada Batumi 2018 Femenina"]
[Site "Batumi GEO"]
[Date "2018.09.26"]
[Round "3.2"]
[White "Jorge, Rita Maria Osorio"]
[Black "Parveen, Tanima"]
[Result "1/2-1/2"]
[WhiteElo "1870"]
[BlackElo "2022"]
[PlyCount "103"]
[EventDate "2018.09.24"]
[EventType "team-swiss"]
[EventRounds "11"]
[EventCountry "GEO"]
[SourceTitle "Ajedrez en Madrid"]
[Source "lmi"]
[SourceDate "2018.09.24"]
[WhiteTeam "Portugal"]
[BlackTeam "Bangladesh"]
[WhiteTeamCountry "POR"]
[BlackTeamCountry "BAN"]

1. e4 e5 2. Nf3 Nc6 3. Bb5 a6 4. Ba4 Nf6 5. O-O b5 6. Bb3 Be7 7. Re1 d6 8. c3
O-O 9. h3 Na5 10. Bc2 c5 11. d4 Qc7 12. d5 c4 13. Nbd2 Nb7 14. Qe2 Bd7 15. Nf1
a5 16. a4 Nc5 17. N3d2 Rfc8 18. Ne3 Nxa4 19. Bxa4 bxa4 20. Qxc4 Nh5 21. Qxc7
Rxc7 22. Nec4 Ra6 23. g3 h6 24. Kg2 Nf6 25. Na3 Nh7 26. f4 Rc8 27. Ndc4 f6 28.
Be3 Bd8 29. Re2 Rxc4 30. Nxc4 Bb5 31. Rd2 Bxc4 32. Rxa4 Bb3 33. Ra1 Nf8 34. Rc1
Bc4 35. Ra1 Nd7 36. Ra3 a4 37. Rd1 Bb3 38. Rda1 Bc2 39. Kf3 Bb6 40. Rc1 Bd3 41.
c4 Bxe3 42. Kxe3 Nc5 43. Rxd3 Nxd3 44. Kxd3 Rb6 45. fxe5 fxe5 46. c5 dxc5 47.
Rxc5 Kf7 48. Rc7+ Kf8 49. Rc8+ Ke7 50. Rc7+ Kf8 51. Rc8+ Ke7 52. Rc7+ 1/2-1/2

[Event "43. Olimpiada Batumi 2018 Femenina"]
[Site "Batumi GEO"]
[Date "2018.09.26"]
[Round "3.3"]
[White "Sultana, Sharmin Shirin"]
[Black "Silva, Mariana Sofia T"]
[Result "1-0"]
[WhiteElo "1974"]
[BlackElo "1924"]
[PlyCount "67"]
[EventDate "2018.09.24"]
[EventType "team-swiss"]
[EventRounds "11"]
[EventCountry "GEO"]
[SourceTitle "Ajedrez en Madrid"]
[Source "lmi"]
[SourceDate "2018.09.24"]
[WhiteTeam "Bangladesh"]
[BlackTeam "Portugal"]
[WhiteTeamCountry "BAN"]
[BlackTeamCountry "POR"]

1. d4 Nf6 2. c4 e6 3. Nc3 Bb4 4. Nf3 O-O 5. Qc2 d5 6. Bg5 c5 7. e3 cxd4 8. exd4
Nc6 9. Rd1 h6 10. Bh4 Be7 11. Be2 dxc4 12. Bxc4 Nb4 13. Qe2 Nbd5 14. O-O Re8
15. Bg3 a6 16. Ne5 Qa5 17. Qf3 Rf8 18. Bb3 Nxc3 19. bxc3 Ra7 20. c4 Bd7 21. d5
exd5 22. Nxd7 Nxd7 23. cxd5 Bf6 24. Qf5 b5 25. Bf4 Re8 26. Be3 Rb7 27. d6 Ne5
28. Bxh6 Qd8 29. Be3 Rd7 30. Bc5 Nc4 31. Rd5 Nxd6 32. Qd3 Be7 33. Rh5 g6 34.
Qxg6+ 1-0

[Event "43. Olimpiada Batumi 2018 Femenina"]
[Site "Batumi GEO"]
[Date "2018.09.26"]
[Round "3.4"]
[White "Silva, Ana Ines Teixeira D"]
[Black "Hamid, Rani"]
[Result "0-1"]
[WhiteElo "1890"]
[BlackElo "1909"]
[PlyCount "72"]
[EventDate "2018.09.24"]
[EventType "team-swiss"]
[EventRounds "11"]
[EventCountry "GEO"]
[SourceTitle "Ajedrez en Madrid"]
[Source "lmi"]
[SourceDate "2018.09.24"]
[WhiteTeam "Portugal"]
[BlackTeam "Bangladesh"]
[WhiteTeamCountry "POR"]
[BlackTeamCountry "BAN"]

1. e4 c5 2. Nc3 e6 3. g3 Nc6 4. Bg2 Nf6 5. d3 Be7 6. Nge2 O-O 7. O-O Rb8 8. f4
d6 9. h3 Qc7 10. Be3 b5 11. Qd2 b4 12. Nd1 Nd7 13. g4 Nb6 14. f5 exf5 15. gxf5
Bf6 16. Nf4 Be5 17. Kh1 g6 18. Nd5 Nxd5 19. exd5 Nd4 20. f6 Nf5 21. Bf4 Bxf6
22. Be4 Re8 23. Qh2 Be5 24. Bxe5 Rxe5 25. Nf2 Ne3 26. Rg1 Nxc2 27. Ng4 Bxg4 28.
Qxc2 Bxh3 29. Rg3 Rh5 30. Kg1 Qe7 31. Qf2 Re8 32. Re1 f5 33. Bf3 Qxe1+ 34. Qxe1
Rxe1+ 35. Kf2 Rf1+ 36. Ke2 Rxf3 0-1

[Event "43. Olimpiada Batumi 2018 Femenina"]
[Site "Batumi GEO"]
[Date "2018.09.26"]
[Round "3.2"]
[White "Bakri, Alia Anin Azwa"]
[Black "Goryachkina, Aleksandra"]
[Result "0-1"]
[WhiteElo "2005"]
[BlackElo "2535"]
[PlyCount "58"]
[EventDate "2018.09.24"]
[EventType "team-swiss"]
[EventRounds "11"]
[EventCountry "GEO"]
[SourceTitle "Ajedrez en Madrid"]
[Source "lmi"]
[SourceDate "2018.09.24"]
[WhiteTeam "Malaysia"]
[BlackTeam "Russia"]
[WhiteTeamCountry "MAS"]
[BlackTeamCountry "RUS"]

1. d4 Nf6 2. c4 e6 3. Nc3 Bb4 4. Bd2 O-O 5. Nf3 b6 6. e3 Bb7 7. Bd3 d6 8. a3
Bxc3 9. Bxc3 Nbd7 10. O-O Ne4 11. Rc1 f5 12. b4 Rf6 13. Bb2 Rh6 14. d5 c5 15.
dxc6 Bxc6 16. Bxe4 fxe4 17. Nd4 Qh4 18. h3 Ne5 19. Ne2 Nd3 20. Rb1 Rf8 21. Nf4
e5 22. Nxd3 exd3 23. Qg4 Qe7 24. c5 Bxg2 25. Qxg2 Rg6 26. Qxg6 hxg6 27. c6 Qg5+
28. Kh2 Rf3 29. c7 Qf5 0-1